Thessalonika thawn hnihna hrilhfiahna / (Record no. 7230)

MARC details
000 -LEADER
fixed length control field 00518nam a22001697a 4500
003 - CONTROL NUMBER IDENTIFIER
control field GBCCL
005 - DATE AND TIME OF LATEST TRANSACTION
control field 20241126110623.0
008 - FIXED-LENGTH DATA ELEMENTS--GENERAL INFORMATION
fixed length control field 180719b ||||| |||| 00| 0 eng d
040 ## - CATALOGING SOURCE
Transcribing agency gbc
082 ## - DEWEY DECIMAL CLASSIFICATION NUMBER
Classification number VER 227.8207
Item number LAL
100 ## - MAIN ENTRY--PERSONAL NAME
Personal name Lalthanliana
9 (RLIN) 12803
245 ## - TITLE STATEMENT
Title Thessalonika thawn hnihna hrilhfiahna /
Statement of responsibility, etc. Lalthanliana
260 ## - PUBLICATION, DISTRIBUTION, ETC.
Place of publication, distribution, etc. Upper Chindwin, Burma:
Name of publisher, distributor, etc. Independent Church of Burma,
Date of publication, distribution, etc. 1962
300 ## - PHYSICAL DESCRIPTION
Extent 44 p.;
Dimensions 18 cm.
650 ## - SUBJECT ADDED ENTRY--TOPICAL TERM
Topical term or geographic name entry element Bible
Form subdivision New Testament
General subdivision 2 Thessalonians
-- Commentaries
9 (RLIN) 12804
942 ## - ADDED ENTRY ELEMENTS (KOHA)
Source of classification or shelving scheme Dewey Decimal Classification
Koha item type Books
Holdings
Withdrawn status Lost status Source of classification or shelving scheme Damaged status Not for loan Collection Home library Current Library Shelving location Date acquired Total checkouts Full call number Barcode Date last seen Copy number Price effective from Koha item type
    Dewey Decimal Classification       GRACE BIBLE COLLEGE GRACE BIBLE COLLEGE Vernacular 2018-07-19   VER 227.8207 LAL 001879 2025-05-01 c.1 2018-07-19 Books
© Grace Bible College Library 2025